<?xml version="1.0" encoding="UTF-8"?>
<record
    xmlns:xsi="http://www.w3.org/2001/XMLSchema-instance"
    xsi:schemaLocation="http://www.loc.gov/MARC21/slim http://www.loc.gov/standards/marcxml/schema/MARC21slim.xsd"
    xmlns="http://www.loc.gov/MARC21/slim">

  <leader>01209nam a2200229 a 4500</leader>
  <controlfield tag="001">SSB015700</controlfield>
  <controlfield tag="003">PILC</controlfield>
  <controlfield tag="005">20150529160104.0</controlfield>
  <controlfield tag="008">                                        </controlfield>
  <datafield tag="020" ind1=" " ind2=" ">
    <subfield code="a">9780205197217</subfield>
  </datafield>
  <datafield tag="020" ind1=" " ind2=" ">
    <subfield code="a">0205197213</subfield>
  </datafield>
  <datafield tag="050" ind1=" " ind2=" ">
    <subfield code="a">BF 76.5 </subfield>
    <subfield code="b">.L438 2012</subfield>
  </datafield>
  <datafield tag="100" ind1=" " ind2=" ">
    <subfield code="a">Leary, Mark R. </subfield>
  </datafield>
  <datafield tag="245" ind1=" " ind2="0">
    <subfield code="a">Introduction to behavioral research methods /</subfield>
    <subfield code="c">Mark R. Leary.</subfield>
  </datafield>
  <datafield tag="250" ind1=" " ind2=" ">
    <subfield code="a">6th ed.</subfield>
  </datafield>
  <datafield tag="260" ind1=" " ind2=" ">
    <subfield code="a">Boston : </subfield>
    <subfield code="c">2012.</subfield>
    <subfield code="b">Pearson,</subfield>
  </datafield>
  <datafield tag="300" ind1=" " ind2=" ">
    <subfield code="a">xvii, 427 pages :</subfield>
    <subfield code="b">illustrations ;</subfield>
    <subfield code="c">26 cm.</subfield>
  </datafield>
  <datafield tag="500" ind1=" " ind2=" ">
    <subfield code="a">Includes bibliographical references and index.</subfield>
  </datafield>
  <datafield tag="505" ind1=" " ind2=" ">
    <subfield code="t">Research in the Behavioral Sciences --</subfield>
    <subfield code="t">Behavioral Variability and Research --</subfield>
    <subfield code="t">The Measurement of Behavior --</subfield>
    <subfield code="t">Approaches to Psychological Measurement --</subfield>
    <subfield code="t">Selecting Research Participants --</subfield>
    <subfield code="t">Descriptive Research --</subfield>
    <subfield code="t">Correlational Research --</subfield>
    <subfield code="t">Advanced Correlational Strategies --</subfield>
    <subfield code="t">Basic Issues in Experimental Research --</subfield>
    <subfield code="t">Experimental Design --</subfield>
    <subfield code="t">Analyzing Experimental Data --</subfield>
    <subfield code="t">Analyzing Complex Experimental Designs --</subfield>
    <subfield code="t"> Quasi-Experimental Designs --</subfield>
    <subfield code="t">Single-Case Research --</subfield>
    <subfield code="t">Ethical Issues in Behavioral Research --</subfield>
    <subfield code="t">Scientific Writing.</subfield>
  </datafield>
  <datafield tag="650" ind1=" " ind2=" ">
    <subfield code="a">Psychology</subfield>
    <subfield code="x">Research</subfield>
    <subfield code="x">Methodology.</subfield>
  </datafield>
  <datafield tag="942" ind1=" " ind2=" ">
    <subfield code="2">lcc</subfield>
    <subfield code="c">BK</subfield>
    <subfield code="k">FOR</subfield>
  </datafield>
  <datafield tag="999" ind1=" " ind2=" ">
    <subfield code="c">284517</subfield>
    <subfield code="d">284517</subfield>
  </datafield>
  <datafield tag="952" ind1=" " ind2=" ">
    <subfield code="0">0</subfield>
    <subfield code="1">0</subfield>
    <subfield code="2">lcc</subfield>
    <subfield code="4">0</subfield>
    <subfield code="a">CL</subfield>
    <subfield code="b">CL</subfield>
    <subfield code="c">RES</subfield>
    <subfield code="d">2015-05-29</subfield>
    <subfield code="e">Library Fund</subfield>
    <subfield code="l">1</subfield>
    <subfield code="m">1</subfield>
    <subfield code="o">BF 76.5  .L438 2012</subfield>
    <subfield code="p">C19438</subfield>
    <subfield code="r">2018-05-15 00:00:00</subfield>
    <subfield code="s">2017-03-16</subfield>
    <subfield code="w">2015-05-29</subfield>
    <subfield code="y">BK</subfield>
  </datafield>
</record>
